Clima (Record no. 593)

MARC details
000 -CABECERA
campo de control de longitud fija 02012nam a22002894c 4500
003 - IDENTIFICADOR DE NUMERO DE CONTROL
campo de control AR-BaSMT
008 - CAMPOS DE LONGITUD FIJA
campo de control de longitud fija 240614t2022 agad||gr|||| 001 0 spa d
020 ## - ISBN: Indicadores indefinidos
Número ISBN 9789874863812
040 ## - FUENTE DE CATALOGACION
Agencia de catalogación original BSGB
Idioma de catalogación español
Convenciones de la descripción rda
041 0# - CODIGO DE IDIOMA
Código idioma spa
Idioma original español
080 ## - CDU
CDU completo 004.8
100 1# - PUNTO DE ACCESO PRINCIPAL
Nombre de persona Marchini, Timoteo
Enlace autoridades 428
245 11 - MENCION DE TITULO
Título Clima
Subtítulo : El desafío de diseño más grande de todos los tiempos
250 ## - MENCION DE EDICION
Mención de edición primera edición
264 #1 - PRODUCCIÓN, PUBLICACIÓN, DISTRIBUCIÓN, ETC.
Lugar de publicación, etc. Buenos Aires:
Nombre editor. El Gato y La Caja,
Fecha 2022.
300 ## - DESCRIPCION FISICA
Extensión 448 páginas.
336 ## - TIPO DE CONTENIDO
texto Texto
337 ## - TIPO DE MEDIO
sin mediación Sin mediación
338 ## - TIPO DE SOPORTE
volumen Volúmen
505 ## - NOTA DE CONTENIDO CON FORMATO
Volcar toda la info, nivel básico, Indicadores 8 y # Indice:<br/>Parte 1: ESCENARIOS<br/>1.1 El efecto invernadero / Timoteo Marchini -- 20<br/>1.2 El planeta / Carolina Vera -- 68<br/>1.3 Las personas /Tamara Ulloa -- 94<br/>Parte 2: SISTEMAS<br/>2.1 Energía / Juan Arroyo -- 144<br/>2.2 Movilidad / Felipe Gonzalez -- 206<br/>2.3 Alimentación / Ezequiel Arrieta -- 264<br/>Parte 3: EXPERIENCIAS<br/>3.1 Políticas de desarrollo / Equipo Fundar -- 312<br/>3.2 Disrupción tecnológica / Equipo Gridx --346<br/>3.3 Activismo ambiental / Equipo Jóvenes por el Clima -- 382
520 1# - NOTA DE SUMARIO, RESUMEN, ETC.
Toda la nota Clima aborda una de las problemáticas más urgentes de nuestros tiempos: la crisis climática. Escrito en colaboración con un grupo de especialistas que van de la meteorología a la economía, propone al lector entrar a la conversación sobre el cambio climático con una mirada profunda sobre un problema complejo, apoyándose en una perspectiva de diseño fuerte.
521 ## - NOTA DE PÚBLICO DESTINATARIO
Nota de audiencia Público general
530 ## - NOTA DE FORMATO FISICO ADICIONAL DISPONIBLE
Texto de la nota Disponible gratuitamente online
URL https://elgatoylacaja.com/libros/clima?_gl=1*phv7h3*_gcl_aw*R0NMLjE3NjM2NDY2NzMuQ2p3S0NBaUFsZnZJQmhBNkVpd0FjRXJweVgtUW1iT1UzQU5CNVVjbUZVel92cFNNZ2R1d3BGQWRaNWVDMGRRRFZ3ZHlCSWpBS1lYX2lob0Nld1VRQXZEX0J3RQ..*_gcl_au*MTE2OTkxMzMyNy4xNzYzNjQ2NjcyLjQyOTM4MzYwNS4xNzYzNjQ2NjcyLjE3NjM2NDY2NzI.*_ga*MTA0NzQ0NzEwNi4xNzYzNjQ2Njcz*_ga_Q0DKHW4XS8*czE3NjU5ODE5MDUkbzIkZzAkdDE3NjU5ODE5MDUkajYwJGwwJGgw
650 #4 - PUNTO DE ACCESO ADICIONAL DE MATERIA – TÉRMINO TEMÁTICO
Enlace autoridades 62
Término de materia o nombre geográfico como elemento de entrada CIENCIA
Subdivisión general Ecología
942 ## - ELEMENTOS AGREGADOS (KOHA)
CDU Clasificación decimal universal
Tipo de ítem Libros
Holdings
Disponible Perdido Fuente de clasificación Estado Ubicación permanente Locación actual Estante o sala Fuente de adquisición Número de inventario Total préstamos Signatura topográfica Código de barras Numero de ejemplar Tipo de item de Koha Calificador de localización códificado
    Clasificación Decimal Dewey   Biblioteca Susana G. De Batemarco Biblioteca Susana G. De Batemarco Ciencias Naturales Compra feria del libro 2025 030401   574 MAR 030401 1 Libros  

Powered by Koha